La jungla (Record no. 144200)

MARC details
000 -LEADER
campo de control de longitud fija 00671nam a2200205 4500
001 - NÚMERO DE CONTROL
campo de control 144200
003 - IDENTIFICADOR DE NÚMERO DE CONTROL
campo de control ES-MaACL
005 - FECHA Y HORA DE LA ÚLTIMA TRANSACCIÓN
campo de control 20250910202027.0
007 - CAMPO FIJO DE DESCRIPCIÓN FÍSICA--INFORMACIÓN GENERAL
campo de control de longitud fija t|
008 - DATOS DE LONGITUD FIJA--INFORMACIÓN GENERAL
campo de control de longitud fija 070214s1907 sp r ||||1| spa d
100 1# - ENTRADA PRINCIPAL--NOMBRE DE PERSONA
Nombre de persona Sinclair, Upton,
Fechas asociadas al nombre 1878-1968
9 (RLIN) 106614
245 13 - MENCIÓN DEL TÍTULO
Título La jungla
Resto del título : o Los envenenadores de Chicago : novela /
Mención de responsabilidad, etc. Upton Sinclair ; traducida por Vicente Vera y López.
260 ## - PUBLICACIÓN, DISTRIBUCIÓN, ETC.
Lugar de publicación, distribución, etc. Madrid :
Nombre del editor, distribuidor, etc. [s. n.],
Fecha de publicación, distribución, etc. 1907 (
Fabricante T. Rey)
300 ## - DESCRIPCIÓN FÍSICA
Extensión VII, 395 p. ;
Dimensiones 18 x 12 cm.
700 1# - ENTRADA AGREGADA--NOMBRE PERSONAL
Nombre de persona Vera, Vicente,
Fechas asociadas al nombre 1855-1934
9 (RLIN) 113953
740 0# - ENTRADA AGREGADA--TÍTULO RELACIONADO/ANALÍTICO NO CONTROLADO
Título relacionado o analítico no controlado Los envenenadores de Chicago.
740 0# - ENTRADA AGREGADA--TÍTULO RELACIONADO/ANALÍTICO NO CONTROLADO
Título relacionado o analítico no controlado The jungle.
852 ## - LOCALIZACIÓN
Ubicación ES-MaACL
Número de control de estantería D-3016
Holdings
Estatus retirado Estado de pérdida Estado de daño No para préstamo Biblioteca de origen Biblioteca actual Ubicación en estantería Fecha de adquisición Fuente de adquisición Total de préstamos Signatura topográfica completa Código de barras Visto por última vez Precio de reemplazo Tipo de ítem Koha
        Biblioteca del Ateneo de Madrid Biblioteca del Ateneo de Madrid Sala Valle Inclán 17/01/2008     D-3016 901150025 23/02/2023 23/02/2023 Libro impreso